Authors Up to 1600 A.D.- Greek - Statistics

General Stats
  • This quiz has been taken 9 times
  • The average score is 10 of 14
Answers on the Grid
Answers color-coded by a green-red scale on the quiz's grid according to % correct below.
Aeschylus
Enheduanna
Aristotle
Euripides
Murasaki Shikibu
Chaucer
Aristotle
Sun Tzu
Sappho
Cicero
Amenemope
Aesop
Seneca
Dante
Boccaccio
Hesiod
Valmiki
Confucius
Malory
Herodotus
Euclid
Aristophanes
Guanzhong
Kalidasa
Plutarch
Virgil
Sturluson
Sophocles
Atreya
Plato
Ovid
Archimedes
 
Answer Stats
Answer % Correct
Aristotle
100%
Archimedes
83%
Aristotle
83%
Herodotus
83%
Plato
83%
Sappho
83%
Sophocles
83%
Aristophanes
67%
Euripides
67%
Aeschylus
50%
Aesop
50%
Hesiod
50%
Euclid
33%
Plutarch
33%
No matching quizzes found
Score Distribution
Percent of People with Each Score
Percentile by Number Answered
Your Score History
You have not taken this quiz